000 00486nam a22001817a 4500
005 20250717092308.0
008 250717b |||||||| |||| 00| 0 eng d
020 _a978-1-133-95354-8
050 _aE178.1 .S385 2014
100 _aSCHULTZ, KEVIN M.
245 _a HIST3
250 _a3
260 _aBOSTON, MA,
_bWADSWORTH, CENGAGE LEARNING,
_c2014
300 _axiii,564p.:ILL
500 _aINCLUDES INDEX
650 _aUNITED STATES--HISTORY--TEXTBOOKS
942 _2lcc
_cBK
999 _c215912
_d215912